| 000 | 00867cam a22002414a 4500 | ||
|---|---|---|---|
| 001 | 13500982 | ||
| 005 | 20250605172556.0 | ||
| 008 | 040225s2004 enka b 001 0 eng | ||
| 020 | _a1844740382 (Apollos) | ||
| 020 | _a0801027330 (Baker Academic) | ||
| 050 | 0 | 0 |
_aBT695 _b.C66 2004 |
| 082 | 0 | 0 |
_a231.7/65 _222 |
| 100 | 1 | _aCopan, Paul. | |
| 245 | 1 | 0 |
_aCreation out of nothing : _ba biblical, philosophical, and scientific exploration / _cPaul Copan and William Lane Craig. |
| 260 |
_aLeicester, England : _bApollos ; _aGrand Rapids, Mich. : _bBaker Academic, _cc2004. |
||
| 300 |
_a280 p. : _bill. ; _c23 cm. |
||
| 650 | 0 |
_aCreation _xHistory of doctrines. |
|
| 650 | 0 | _aCosmology. | |
| 650 | 0 | _aReligion and science. | |
| 700 | 1 | _aCraig, William Lane. | |
| 856 | 4 | 1 |
_3Table of contents _uhttp://www.loc.gov/catdir/toc/ecip0415/2004004473.html |
| 942 |
_2lcc _cBK _n0 |
||
| 999 |
_c6322 _d6322 |
||